Responses for Show #4271 - Monday, March 10, 2003

Max Levaren game 4.

Alex enters wearing a rare bow tie, called his "Professor Look".

Contestants

[<< previous game]

Jimmy Ogden, a software project manager from Austin, Texas

Sherry Harley, a library assistant from Cambridge, Massachusetts

Max Levaren, a personal success coach from San Diego, California (whose 3-day cash winnings total $46,400)

[next game >>]

Jeopardy! Round responses

ANCIENT ROME
PILLOW TALK
BEST PICTURES IN OTHER WORDS
HALLS OF FAME
HISTORICAL NOVELS
ALPHABETIC HOMOPHONES
    $200 6
gladiatorial combat

Max
    $200 21
the Tooth Fairy

Jimmy
    $200 11
Shakespeare in Love

Sherry
    $200 26
Baseball Hall of Fame

Jimmy
    $200 1
Civil War

Max
    $200 16
tea

Jimmy
    $400 7
(Jimmy: What is gold?)
(Sherry: What is copper?)

silver

SherryJimmy
Triple Stumper
    $400 22
(Jimmy: Who is Virgil?)

Homer

MaxJimmy
    $400 12
The Last Emperor

Max
    $400 27
(Jimmy: What is the Cowboy Hall of Fame?)

Cowgirl Hall of Fame

MaxJimmy
    $400 2
Thomas Jefferson

Max
    $400 17
ex

Max
    $600 8
Mark Antony

Max
    $600 23
(Sherry: What is the bouquet?)

a slice of wedding cake

MaxSherry
    $600 13
An American in Paris

Max
    $600 28
Bluegrass

Max
    $600 3
Alexander Hamilton

Max
    $600 18
El

Max
    $800 9
(Sherry: What are Republicans?)

Patricians

Sherry
Triple Stumper
    $800 24
(Jimmy: What is cross-stitch?)
(Sherry: What is embroidery?)

sampler

MaxSherryJimmy
    $800 14
The Deer Hunter

Sherry
    $3,000 29
Georgia

Max
    $800 4
"Mutiny on the Bounty"

Sherry
    $800 19
Aunt Bee

Jimmy
    $1000 10
aqueduct

Jimmy
    $1000 25
Theodore Roosevelt

Jimmy
    $1000 15
The Apartment

Sherry
    $1000 30
Winslow

Jimmy
    $1000 5
Sir Walter Scott

Max
    $1000 20
see

Max

Scores at the first commercial break (after clue 15):

Max Sherry Jimmy
$4,000 $1,600 $600

Scores at the end of the Jeopardy! Round:

Max Sherry Jimmy
$11,800 $200 $2,400

Double Jeopardy! Round responses

ARCHITECTURE
2-WORD COUNTRIES
(Alex: Where you will provide us with them.)
TUNES FROM REVUES
"GOOD" STUFF
CHUTE FIRST
HISTORIC RHYME TIME
    $400 16
carport

Max
    $400 6
Dominican Republic

Max
    $400 21
Harry

Sherry
    $400 11
Goodyear

Jimmy
    $400 22
(Alex: I don't know why he didn't land & then deliver the mail, instead of parachuting up!)

Charles Lindbergh

Sherry
    $400 1
Sherman's Germans

Sherry
    $800 17
missions

Jimmy
    $800 7
New Zealand

Max
    $800 27
Fanny Brice

Max
    $800 12
Cape of Good Hope

Max
    $800 23
open

Max
    $800 2
Bill's tills

Max
    $1200 18
rib

Max
    $4,400 8
(Alex: Correctamente!)

Costa Rica

Max
    $1200 28
Irving Berlin

Max
    $1200 13
"The Good Earth"

Max
    $1200 24
flying squirrel

Jimmy
    $1200 3
(Max: What is Troy's joy?)

Troy's joys

MaxJimmy
    $1600 19
(Max: What is an eave?)

gable

Max
Triple Stumper
    $1600 9
Sierra Leone

Triple Stumper
    $5,600 29
(Max: What is "Sugar?")
....
(Alex: You're on your way to setting a new one-day record. Would you like to make this a true Daily Double?)
....
(Max: No.)

Ain't Misbehavin'

Max
    $1600 14
Good Neighbor Policy

Jimmy
    $1600 25
(Alex: With a minute to go.)

Leonardo da Vinci

Max
    $1600 4
Spiro's zeros

Jimmy
    $2000 20
(Sherry: What is a buttress?)
(Jimmy: What is an abutment?)

cantilever

SherryJimmy
Triple Stumper
    $2000 10
(Alex: Crown Prince Abdullah.)

Saudi Arabia

Max
    $2000 30
the Tuba

Jimmy
    $2000 15
"Goodbye, Mr. Chips"

Triple Stumper
    $2000 26
D.B. Cooper

Jimmy
    $2000 5
Chester's questers

Max

Scores at the end of the Double Jeopardy! Round:

Max Sherry Jimmy
$21,800 -$600 $11,200

[wagering suggestions for these scores]

Final Jeopardy! Round responses

U.S. COINS
(Alex: Max, you win tomorrow, you win a brand new car in addition to all the cash & you get to come back & play in the Tournament of Champions.)
JimmyWhat are Ohio & North Carolina?
$11,173
MaxWhat are North Carolina & Ohio?
$601
North Carolina & Ohio (as a tribute to the Wright Brothers)

Final scores:

Max Sherry Jimmy
$22,401 -$600 $22,373
4-day champion: $68,801 3rd place: $1,000 2nd place: $2,000

Game dynamics:

Coryat scores:

Max Sherry Jimmy
$22,000 -$600 $11,200
31 R
(including 2 DDs),
3 W
(including 1 DD)
7 R,
5 W
15 R,
5 W

Combined Coryat: $32,600

[game clues] [game scores] [suggest correction]

Game tape date: 2002-11-17
The J! Archive is created by fans, for fans. Scraping, republication, monetization, and malicious use prohibited; this site may use cookies and collect identifying information. See terms. The Jeopardy! game show and all elements thereof, including but not limited to copyright and trademark thereto, are the property of Jeopardy Productions, Inc. and are protected under law. This website is not affiliated with, sponsored by, or operated by Jeopardy Productions, Inc. Join the discussion at JBoard.tv.